[Event "BUL Team Ch"]
[Site "Varna BUL"]
[Date "1995.??.??"]
[Round "1"]
[White "Georgiev, Krum I"]
[Black "Antonov, Vladimir"]
[Result "1-0"]
[WhiteElo "2445"]
[BlackElo "2385"]
[PlyCount "51"]
[EventDate "1995.??.??"]
[Source "www.chesslib.no"]
[SourceDate "2004.05.04"]

1. e4 e5 2. Nf3 Nc6 3. Bb5 a6 4. Ba4 Nf6 5. O-O Be7 6. Re1 b5 7. Bb3 O-O 8. c3 d6 9. h3 Na5 10. Bc2 c5 11. d4 Nc6 12. a4 Bd7 13. Bg5 Qc7 14. dxc5 dxc5 15. Nbd2 Be6 16. Qe2 Rab8 17. axb5 axb5 18. Nf1 h6 19. Bxf6 Bxf6 20. Ne3 Ne7 21. Nd5 Nxd5 22. exd5 Bxd5 23. Qd3 Rfd8 24. Qh7+ Kf8 25. Nxe5 Be6 26. Ra7 1-0

[Event "Le Touquet Open"]
[Site "Le Touquet"]
[Date "1992.??.??"]
[Round "?"]
[White "Morris, Philip"]
[Black "Emms, John M"]
[Result "1/2-1/2"]
[WhiteElo "2390"]
[BlackElo "2430"]
[PlyCount "73"]
[EventDate "1992.10.??"]
[Source "www.chesslib.no"]
[SourceDate "2004.05.04"]

1. e4 e5 2. Nf3 Nc6 3. Bb5 a6 4. Ba4 Nf6 5. O-O Be7 6. Re1 b5 7. Bb3 O-O 8. c3 d6 9. h3 Na5 10. Bc2 c5 11. d4 Re8 12. Nbd2 Bf8 13. d5 g6 14. b4 Nb7 15. a4 cxb4 16. cxb4 a5 17. axb5 Bd7 18. bxa5 Rxa5 19. Rb1 Rxb5 20. Rxb5 Bxb5 21. Nb3 Nd7 22. Be3 Qc7 23. Bd3 Ba4 24. Qb1 Rb8 25. Qa2 Bxb3 26. Qxb3 Nbc5 27. Qc2 Be7 28. Rb1 Bd8 29. Rxb8 Qxb8 30. Bxc5 Nxc5 31. Nxe5 dxe5 32. Qxc5 Bc7 33. g3 Bd6 34. Qe3 Qb4 35. Kg2 Kg7 36. h4 h5 37. Qf3 1/2-1/2

[Event "Stork Young Masters"]
[Site "Hengelo"]
[Date "2002.08.07"]
[Round "5"]
[White "L'Ami, Erwin"]
[Black "Erwich, Marc JL"]
[Result "1-0"]
[WhiteElo "2438"]
[BlackElo "2376"]
[PlyCount "117"]
[EventDate "2002.08.05"]
[Source "ChessBase"]
[SourceDate "2002.09.11"]

1. e4 e5 2. Nf3 Nc6 3. Bb5 a6 4. Ba4 Nf6 5. O-O Be7 6. Re1 b5 7. Bb3 O-O 8. c3 d6 9. h3 Na5 10. Bc2 c5 11. d3 Re8 12. Nbd2 Bf8 13. Nf1 g6 14. Bg5 Bg7 15. Ne3 h6 16. Bh4 g5 17. Bg3 Nh5 18. Bh2 Nf4 19. d4 c4 20. Nf5 Bxf5 21. exf5 Qb6 22. Bxf4 exf4 23. Qd2 d5 24. Rxe8+ Rxe8 25. Re1 Rxe1+ 26. Qxe1 Qd8 27. Qe2 Nc6 28. Nh2 Qe7 29. Qd1 Bf6 30. Kf1 Bg7 31. Qh5 f6 32. Ng4 Qf8 33. g3 fxg3 34. fxg3 Ne7 35. a3 a5 36. Ne3 Qb8 37. Qf3 Qd6 38. Ke2 Kf8 39. Kd2 b4 40. axb4 axb4 41. Bd1 b3 42. Ke1 h5 43. g4 hxg4 44. hxg4 Qh2 45. Be2 Ke8 46. Nxd5 Qg1+ 47. Bf1 Nxd5 48. Qxd5 Qg3+ 49. Kd1 Qxg4+ 50. Be2 Qg1+ 51. Kd2 g4 52. Qg8+ Bf8 53. Qe6+ Kd8 54. Qxf6+ Be7 55. Qb6+ Kd7 56. Qb7+ Kd8 57. Qd5+ Ke8 58. Qc6+ Kd8 59. f6 1-0

[Event "Budapest FS12 GM"]
[Site "Budapest"]
[Date "2000.12.13"]
[Round "11"]
[White "Balogh, Csaba"]
[Black "Barbero, Gerardo F"]
[Result "1/2-1/2"]
[WhiteElo "2359"]
[BlackElo "2445"]
[PlyCount "23"]
[EventDate "2000.12.??"]
[Source "ChessBase"]
[SourceDate "2001.01.11"]

1. e4 e5 2. Nf3 Nc6 3. Bb5 a6 4. Ba4 Nf6 5. O-O Be7 6. Re1 b5 7. Bb3 O-O 8. c3 d6 9. h3 Na5 10. Bc2 c5 11. d4 Nc6 12. Nbd2 1/2-1/2

[Event "Barcelona Vulca"]
[Site "Barcelona ESP"]
[Date "1989.??.??"]
[Round "?"]
[White "Martin Gonzalez, Angel"]
[Black "Campos Moreno, Javier B"]
[Result "0-1"]
[WhiteElo "2370"]
[BlackElo "2430"]
[PlyCount "100"]
[EventDate "1989.??.??"]
[Source "www.chesslib.no"]
[SourceDate "2004.05.04"]

1. e4 e5 2. Nf3 Nc6 3. Bb5 a6 4. Ba4 Nf6 5. O-O Be7 6. Re1 b5 7. Bb3 O-O 8. c3 d6 9. h3 Na5 10. Bc2 c5 11. d4 cxd4 12. cxd4 Bb7 13. Nbd2 Rc8 14. Nf1 d5 15. dxe5 Nxe4 16. a4 b4 17. Be3 f5 18. exf6 Bxf6 19. Bd4 Nc4 20. Bb3 Kh8 21. Re2 Bxd4 22. Nxd4 Qf6 23. f3 Nc5 24. Ne3 Nxb3 25. Nxb3 Nxe3 26. Rxe3 Qxb2 27. Nd4 Rc4 28. Rd3 Rfc8 29. Rd2 Qxa1 30. Qxa1 Rc1+ 31. Qxc1 Rxc1+ 32. Kf2 Kg8 33. Nb3 Rc3 34. Na5 Ba8 35. Rb2 Rc5 36. Nb3 Rc8 37. Nd4 Rc4 38. Ke3 Kf7 39. Nf5 Kf6 40. g4 Ke5 41. Nxg7 d4+ 42. Kf2 Bd5 43. Nf5 b3 44. Re2+ Kf4 45. Ng3 Rc2 46. Rxc2 bxc2 47. Ne2+ Kg5 48. Nc1 Bc4 49. Ke1 Kf4 50. Kd2 d3 0-1

[Event "EU Ch U18"]
[Site "Zagan POL"]
[Date "1995.??.??"]
[Round "3"]
[White "Krakops, Maris"]
[Black "Pedersen, Nicolai V"]
[Result "1-0"]
[WhiteElo "2475"]
[BlackElo "2295"]
[PlyCount "76"]
[EventDate "1995.??.??"]
[Source "www.chesslib.no"]
[SourceDate "2004.05.04"]

1. e4 e5 2. Nf3 Nc6 3. Bb5 a6 4. Ba4 Nf6 5. O-O Be7 6. Re1 b5 7. Bb3 O-O 8. c3 d6 9. h3 Na5 10. Bc2 c5 11. d4 Bb7 12. Nbd2 cxd4 13. cxd4 exd4 14. Nxd4 Re8 15. Nf1 Bf8 16. Ng3 Rc8 17. b3 d5 18. e5 Ne4 19. Nxe4 dxe4 20. Bxe4 Bxe4 21. Rxe4 Nc6 22. Bb2 Rxe5 23. Rxe5 Nxe5 24. a4 Rc5 25. axb5 axb5 26. Qe2 Ng6 27. Qe4 Re5 28. Qb7 Qe8 29. Kh2 Rg5 30. g3 h5 31. Nf3 Rc5 32. Bd4 Qc8 33. Qe4 Rc6 34. Ra7 Rc7 35. Ra8 Qb7 36. Qxb7 Rxb7 37. Bc3 f6 38. Nd4 Kf7 1-0

[Event "BUL-FRA m"]
[Site "Sofia BUL"]
[Date "1990.??.??"]
[Round "2"]
[White "Dimitrov, Vladimir"]
[Black "Boudy, Julio"]
[Result "0-1"]
[WhiteElo "2455"]
[BlackElo "2305"]
[PlyCount "74"]
[EventDate "1990.??.??"]
[Source "www.chesslib.no"]
[SourceDate "2004.05.04"]

1. e4 e5 2. Nf3 Nc6 3. Bb5 a6 4. Ba4 Nf6 5. O-O Be7 6. Re1 b5 7. Bb3 O-O 8. c3 d6 9. h3 Na5 10. Bc2 c5 11. d4 Bb7 12. Nbd2 cxd4 13. cxd4 exd4 14. Nxd4 Re8 15. Nf1 Bf8 16. Ng3 g6 17. Bf4 Nc4 18. b3 Ne5 19. Bg5 h6 20. Be3 Rc8 21. Qd2 Kh7 22. Rad1 Qc7 23. f3 d5 24. Rc1 Ned7 25. Bf2 Qb8 26. exd5 Nxd5 27. Rxe8 Rxe8 28. Bd3 Bb4 29. Qb2 Nf4 30. Bf1 Ne5 31. Rd1 Bc5 32. Ne4 Bxe4 33. fxe4 Rd8 34. Rd2 Qb7 35. Qc3 Bb6 36. Qe3 Ne6 37. Qc3 Ng5 0-1

[Event "olm"]
[Site "olm Buenos Aires"]
[Date "1978.??.??"]
[Round "?"]
[White "Westerinen, Heikki M J"]
[Black "Sarapu, Ortvin"]
[Result "1/2-1/2"]
[WhiteElo "2450"]
[BlackElo "2290"]
[PlyCount "49"]
[EventDate "1978.??.??"]
[Source "www.chesslib.no"]
[SourceDate "2004.05.04"]

1. e4 e5 2. Nf3 Nc6 3. Bb5 a6 4. Ba4 Nf6 5. O-O Be7 6. Re1 b5 7. Bb3 O-O 8. c3 d6 9. h3 Na5 10. Bc2 c5 11. d4 Nc6 12. d5 Na5 13. b3 Bd7 14. Nbd2 Ne8 15. Nf1 f5 16. exf5 Bxf5 17. Bxf5 Rxf5 18. Ng3 Rf7 19. Bd2 c4 20. b4 Nb7 21. a4 Qd7 22. a5 Nc7 23. Bf4 Raf8 24. Bg5 Bd8 25. Bf6 1/2-1/2

[Event "Buenos Aires ol (Men)"]
[Site "Buenos Aires ARG"]
[Date "1978.??.??"]
[Round "9"]
[White "Westerinen, Heikki M J"]
[Black "Sarapu, Ortvin"]
[Result "1/2-1/2"]
[WhiteElo "2450"]
[BlackElo "2290"]
[PlyCount "62"]
[EventDate "1978.10.25"]
[Source "www.chesslib.no"]
[SourceDate "2004.05.04"]

1. e4 e5 2. Nf3 Nc6 3. Bb5 a6 4. Ba4 Nf6 5. O-O Be7 6. Re1 b5 7. Bb3 O-O 8. c3 d6 9. h3 Na5 10. Bc2 c5 11. d4 Nc6 12. d5 Na5 13. b3 Bd7 14. Nbd2 Ne8 15. Nf1 f5 16. exf5 Bxf5 17. Bxf5 Rxf5 18. Ng3 Rf7 19. Bd2 c4 20. b4 Nb7 21. a4 Qd7 22. a5 Nc7 23. Be3 Raf8 24. Nh2 Bh4 25. Nhf1 Bxg3 26. Nxg3 Rf6 27. Ra2 Rg6 28. Rd2 Nd8 29. Kh2 Nf7 30. Ne4 Ne8 31. f3 Nf6 1/2-1/2

[Event "Edinburgh Open"]
[Site "Ednburgh"]
[Date "1989.03.26"]
[Round "3"]
[White "Cullip, Stephen"]
[Black "Hebden, Mark L"]
[Result "1/2-1/2"]
[WhiteElo "2285"]
[BlackElo "2455"]
[PlyCount "127"]
[EventDate "1989.03.24"]
[Source "www.chesslib.no"]
[SourceDate "2004.05.04"]

1. e4 e5 2. Nf3 Nc6 3. Bb5 a6 4. Ba4 Nf6 5. O-O Be7 6. Re1 b5 7. Bb3 O-O 8. c3 d6 9. h3 Na5 10. Bc2 c5 11. d4 Re8 12. Nbd2 Bf8 13. Nf1 cxd4 14. cxd4 exd4 15. Nxd4 g6 16. b3 Bb7 17. Ng3 d5 18. e5 Ne4 19. Nxe4 dxe4 20. Bxe4 Bxe4 21. Rxe4 Nc6 22. Bb2 Qd5 23. Qc2 f5 24. Rf4 Nxe5 25. Nf3 Rac8 26. Qb1 Nxf3+ 27. Rxf3 Re2 28. Rd3 Qe4 29. Bd4 Rd8 30. f3 Qe6 31. Bf2 Rc8 32. Qd1 f4 33. Rd2 Rxf2 34. Rxf2 Bc5 35. Kf1 Qe3 36. Qd2 Qxf2+ 37. Qxf2 Bxf2 38. Kxf2 Rc2+ 39. Kf1 Rb2 40. Kg1 Kg7 41. a4 Rxb3 42. axb5 axb5 43. Ra7+ Kh6 44. Rf7 Rb4 45. h4 Rc4 46. Kh2 Rc5 47. Rb7 g5 48. hxg5+ Kg6 49. Kh3 Rxg5 50. Rb6+ Kf7 51. Rb7+ Ke6 52. Rxh7 Kd6 53. Rf7 b4 54. Rxf4 Rb5 55. Rd4+ Ke5 56. Re4+ Kf6 57. g4 b3 58. Re1 b2 59. Rb1 Ke5 60. g5 Kf4 61. g6 Rg5 62. Rxb2 Rxg6 63. Rb3 Rg7 64. Kh2 1/2-1/2

[Event "Buenos Aires op1"]
[Site "Buenos Aires ARG"]
[Date "1993.??.??"]
[Round "3"]
[White "Pierrot, Facundo"]
[Black "Bronstein, Luis M"]
[Result "1/2-1/2"]
[WhiteElo "2310"]
[BlackElo "2425"]
[PlyCount "44"]
[EventDate "1993.??.??"]
[Source "www.chesslib.no"]
[SourceDate "2004.05.04"]

1. e4 e5 2. Nf3 Nc6 3. Bb5 a6 4. Ba4 Nf6 5. O-O Be7 6. Re1 b5 7. Bb3 O-O 8. c3 d6 9. h3 Na5 10. Bc2 c5 11. d4 Nd7 12. dxc5 dxc5 13. Nbd2 f6 14. Nh4 Rf7 15. Nf5 Bf8 16. Nf1 Qc7 17. h4 Nb6 18. Qf3 Be6 19. h5 Nac4 20. b3 Nd6 21. N1e3 Rd8 22. Nxd6 Rxd6 1/2-1/2

[Event "New Delhi"]
[Site "Delhi"]
[Date "1987.??.??"]
[Round "?"]
[White "Mithrakanth, Poorna S"]
[Black "Thipsay, Praveen Mahadeo"]
[Result "1/2-1/2"]
[WhiteElo "2310"]
[BlackElo "2420"]
[PlyCount "96"]
[EventDate "1987.11.??"]
[Source "www.chesslib.no"]
[SourceDate "2004.05.04"]

1. e4 e5 2. Nf3 Nc6 3. Bb5 a6 4. Ba4 Nf6 5. O-O Be7 6. Re1 b5 7. Bb3 O-O 8. c3 d6 9. h3 Na5 10. Bc2 c5 11. d4 Nd7 12. a4 Rb8 13. axb5 axb5 14. Nbd2 cxd4 15. cxd4 Bf6 16. Nf1 Nc6 17. d5 Nb4 18. Bb1 Na6 19. b4 Nxb4 20. Ba3 Ra8 21. Qd2 Ra4 22. Qb2 Qa5 23. Ne3 Nc5 24. Rd1 Bd7 25. Ne1 Nba6 26. Bc2 b4 27. Bxa4 Bxa4 28. Bxb4 Qxb4 29. Qxb4 Nxb4 30. Rdb1 Rb8 31. Nf5 g6 32. Nxd6 Kg7 33. Nc4 Nba6 34. Rxb8 Nxb8 35. Nd3 Nbd7 36. Nd6 Be7 37. Nb7 Nxd3 38. Rxa4 N7c5 39. Nxc5 Bxc5 40. Ra2 Nxf2 41. Rxf2 f5 42. Kf1 Bxf2 43. Kxf2 Kf6 44. Ke3 Ke7 45. g4 Kd6 46. g5 Kc5 47. Kd3 Kd6 48. Ke3 f4+ 1/2-1/2

[Event "BCF Ch"]
[Site "Swansea WLS"]
[Date "1995.??.??"]
[Round "9"]
[White "McShane, Luke James"]
[Black "Hebden, Mark L"]
[Result "0-1"]
[WhiteElo "2170"]
[BlackElo "2550"]
[PlyCount "102"]
[EventDate "1995.08.??"]
[Source "www.chesslib.no"]
[SourceDate "2004.05.04"]

1. e4 e5 2. Nf3 Nc6 3. Bb5 a6 4. Ba4 Nf6 5. O-O Be7 6. Re1 b5 7. Bb3 O-O 8. c3 d6 9. h3 Na5 10. Bc2 c5 11. d4 Re8 12. d5 g6 13. Nbd2 c4 14. b4 cxb3 15. axb3 Qc7 16. Bb2 Bd7 17. Bd3 Nh5 18. Bf1 Bf8 19. b4 Nc4 20. Nxc4 bxc4 21. Bc1 Bg7 22. Be3 Rf8 23. Nd2 Bb5 24. g3 Nf6 25. Qc2 Rae8 26. Qa2 Rc8 27. Qa5 Qe7 28. Qa2 h5 29. Bg5 Qc7 30. Qa5 Qd7 31. Qa2 Nh7 32. h4 f6 33. Be3 f5 34. Bb6 f4 35. Bxc4 fxg3 36. fxg3 Bxc4 37. Nxc4 Qb5 38. Qxa6 Qxc4 39. Qxc4 Rxc4 40. Ra3 Nf6 41. Ba7 Nxe4 42. b5 Rxc3 43. Rxc3 Nxc3 44. b6 Rf7 45. Bb8 Nxd5 46. Bxd6 Nxb6 47. Bxe5 Re7 48. Bc3 Rxe1+ 49. Bxe1 Kf7 50. Kf2 Ke6 51. Kf3 Kf5 0-1

[Event "Medellin"]
[Site "Medellin"]
[Date "2000.09.29"]
[Round "4"]
[White "Rios Parra, Alejandro"]
[Black "Castro Rojas, Oscar Humberto"]
[Result "1/2-1/2"]
[WhiteElo "2328"]
[BlackElo "2376"]
[PlyCount "89"]
[EventDate "2000.09.26"]
[Source "ChessBase"]
[SourceDate "2000.11.10"]

1. e4 e5 2. Nf3 Nc6 3. Bb5 a6 4. Ba4 Nf6 5. O-O Be7 6. Re1 b5 7. Bb3 O-O 8. c3 d6 9. h3 Na5 10. Bc2 c5 11. d4 Nd7 12. Nbd2 cxd4 13. cxd4 Nc6 14. Nf1 Nxd4 15. Nxd4 exd4 16. Qxd4 Ne5 17. Ne3 Bxh3 18. Nd5 Rc8 19. Bb3 Bh4 20. Bf4 Re8 21. a4 Bg4 22. axb5 axb5 23. Ra6 Nc4 24. Rc1 Bg5 25. Bxc4 Bxf4 26. Nxf4 Qg5 27. Bxf7+ Kxf7 28. Rxc8 Rxc8 29. Qd5+ Qxd5 30. Nxd5 Be6 31. Rxd6 Rc1+ 32. Kh2 Rc2 33. b3 Rxf2 34. Rb6 Bd7 35. Nc3 Rb2 36. Nxb5 Bxb5 37. Rxb5 Re2 38. Rb4 Re3 39. Kg1 Kf6 40. Kf2 Rc3 41. Rb7 h5 42. b4 Rc2+ 43. Kf3 Rc3+ 44. Kf2 Rc2+ 45. Kf3 1/2-1/2

[Event "BdF"]
[Site "?"]
[Date "2004.??.??"]
[Round "?"]
[White "Zapf Herbert"]
[Black "Buecker Juergen(GER)"]
[Result "1/2-1/2"]
[WhiteElo "2320"]
[BlackElo "2382"]
[PlyCount "96"]
[EventDate "2004.??.??"]
[Source "www.chesslib.no"]
[SourceDate "2004.05.04"]

1. e4 e5 2. Nf3 Nc6 3. Bb5 a6 4. Ba4 Nf6 5. O-O Be7 6. Re1 b5 7. Bb3 O-O 8. c3 d6 9. h3 Na5 10. Bc2 c5 11. d4 exd4 12. cxd4 Bb7 13. d5 Nd7 14. Nbd2 Bf6 15. Rb1 Re8 16. b3 Bc3 17. Re3 Bf6 18. Nf1 Bc8 19. Ng3 Ne5 20. Nxe5 Bxe5 21. Bb2 Bxb2 22. Rxb2 Qg5 23. Qh5 h6 24. Bd3 Bd7 25. Rc2 Re5 26. Qxg5 hxg5 27. Nf1 Nb7 28. Nd2 f6 29. a3 Ree8 30. Be2 Nd8 31. Bh5 Nf7 32. b4 c4 33. a4 Rec8 34. Bxf7+ Kxf7 35. a5 g4 36. hxg4 Bxg4 37. f3 Bd7 38. f4 Rh8 39. Nf3 Rh5 40. Rc1 Bg4 41. Nd4 Rg8 42. Kf2 g5 43. f5 Ke7 44. Rg3 Rh4 45. Re1 Bh5 46. Rh3 Rxh3 47. gxh3 Rh8 48. Re3 Bf7 1/2-1/2

[Event "EU Ch U20 qual"]
[Site "Groningen NED"]
[Date "1972.??.??"]
[Round "3"]
[White "Urzica, Aurel"]
[Black "Romanishin, Oleg M"]
[Result "1/2-1/2"]
[WhiteElo "2260"]
[BlackElo "2440"]
[PlyCount "29"]
[EventDate "1972.12.??"]
[Source "www.chesslib.no"]
[SourceDate "2004.05.04"]

1. e4 e5 2. Nf3 Nc6 3. Bb5 a6 4. Ba4 Nf6 5. O-O Be7 6. Re1 b5 7. Bb3 O-O 8. c3 d6 9. h3 Na5 10. Bc2 c5 11. d4 Nd7 12. Nbd2 cxd4 13. cxd4 Nc6 14. a3 exd4 15. Nb3 1/2-1/2

[Event "Corr"]
[Site "?"]
[Date "2000.09.25"]
[Round "?"]
[White "Lanz Calavia Jose Maria (ESP)"]
[Black "Elent Michael (ISR)"]
[Result "1/2-1/2"]
[WhiteElo "2390"]
[BlackElo "2310"]
[PlyCount "42"]
[EventDate "2000.??.??"]
[Source "www.chesslib.no"]
[SourceDate "2004.05.04"]

1. e4 e5 2. Nf3 Nc6 3. Bb5 a6 4. Ba4 Nf6 5. O-O Be7 6. Re1 b5 7. Bb3 O-O 8. c3 d6 9. h3 Na5 10. Bc2 c5 11. d4 Re8 12. Nbd2 Bf8 13. d5 g6 14. b3 Bg7 15. a4 Bd7 16. axb5 axb5 17. Kh2 Nh5 18. g3 Nb7 19. Bb2 Rxa1 20. Qxa1 Qc8 21. Ng1 f5 1/2-1/2

[Event "Aarhus int"]
[Site "Aarhus DEN"]
[Date "1996.??.??"]
[Round "9"]
[White "Anka, Emil"]
[Black "Pedersen, Nicolai V"]
[Result "0-1"]
[WhiteElo "2405"]
[BlackElo "2290"]
[PlyCount "118"]
[EventDate "1996.??.??"]
[Source "www.chesslib.no"]
[SourceDate "2004.05.04"]

1. e4 e5 2. Nf3 Nc6 3. Bb5 a6 4. Ba4 Nf6 5. O-O Be7 6. Re1 b5 7. Bb3 O-O 8. c3 d6 9. h3 Na5 10. Bc2 c5 11. d4 Bb7 12. d5 Nc4 13. b3 Nb6 14. a4 bxa4 15. bxa4 Nc4 16. Nfd2 Na5 17. Na3 Bc8 18. Ndc4 Rb8 19. Bd2 g6 20. Nxa5 Qxa5 21. Nc4 Qc7 22. Bh6 Rd8 23. Qd2 a5 24. Bd3 Ba6 25. Qe2 Rb3 26. Nd2 Bxd3 27. Qxd3 Rb7 28. Nc4 Rdb8 29. Na3 Nd7 30. c4 Rb3 31. Qf1 Qd8 32. Be3 Bg5 33. Nb5 Qf6 34. Bxg5 Qxg5 35. Kh1 Qf6 36. Na7 Rb2 37. Kg1 R8b4 38. Re2 Rxe2 39. Qxe2 Nb6 40. Nc6 Rxa4 41. Rxa4 Nxa4 42. Qc2 Nb6 43. Nxa5 Qd8 44. Qb3 Nxd5 45. Nc6 Qb6 46. Qa4 Nf4 47. Qa8+ Kg7 48. Ne7 Qb1+ 49. Kh2 Qf1 50. Qg8+ Kh6 51. Nf5+ gxf5 52. Qf8+ Kg6 53. Qxd6+ f6 54. exf5+ Kxf5 55. Qd7+ Ke4 56. Qb7+ Kd4 57. Qb2+ Kxc4 58. Qc2+ Kb5 59. Qb3+ Kc6 0-1

[Event "Budapest FS08 IM"]
[Site "Budapest"]
[Date "1997.08.05"]
[Round "4"]
[White "Pirisi, Gabor"]
[Black "Farago, Sandor"]
[Result "1/2-1/2"]
[WhiteElo "2355"]
[BlackElo "2330"]
[PlyCount "24"]
[EventDate "1997.08.02"]
[Source "ChessBase"]
[SourceDate "1997.09.26"]

1. e4 e5 2. Nf3 Nc6 3. Bb5 a6 4. Ba4 Nf6 5. O-O Be7 6. Re1 b5 7. Bb3 O-O 8. c3 d6 9. h3 Na5 10. Bc2 c5 11. d4 Bb7 12. d5 Bc8 1/2-1/2

[Event "Prague Mladi-A"]
[Site "Prague CZE"]
[Date "1988.??.??"]
[Round "6"]
[White "Brdicko, Petr"]
[Black "Blagojevic, Dragisa"]
[Result "0-1"]
[WhiteElo "2235"]
[BlackElo "2445"]
[PlyCount "114"]
[EventDate "1988.10.??"]
[Source "www.chesslib.no"]
[SourceDate "2004.05.04"]

1. e4 e5 2. Nf3 Nc6 3. Bb5 a6 4. Ba4 Nf6 5. O-O Be7 6. Re1 b5 7. Bb3 O-O 8. c3 d6 9. h3 Na5 10. Bc2 c5 11. d4 Nd7 12. Nbd2 cxd4 13. cxd4 Nc6 14. Nf1 exd4 15. Nxd4 Nxd4 16. Qxd4 Ne5 17. Qd1 Bf6 18. Rb1 Be6 19. Ne3 Bxa2 20. Ra1 Be6 21. Nd5 Bxd5 22. Qxd5 Nc4 23. Ra2 Qc7 24. b3 Nb6 25. Qd3 g6 26. Rd1 Rfd8 27. Be3 Nc8 28. Bf4 Qc6 29. Qd5 Ne7 30. Qxc6 Nxc6 31. Bxd6 Nd4 32. Bc5 Ne2+ 33. Kf1 Rxd1+ 34. Bxd1 Nc3 35. Rd2 Nxe4 36. Rc2 Rd8 37. Be2 Nd2+ 38. Ke1 Nxb3 39. Bb6 Rd6 40. Rc8+ Kg7 41. Ba7 Bd4 42. Bb8 Re6 43. f4 b4 44. Kd1 Bc3 45. Rd8 a5 46. g4 a4 47. Bd6 h6 48. Bf8+ Kh7 49. f5 gxf5 50. gxf5 Re3 51. Rd7 Nd4 52. Bc5 Rxe2 53. Rxf7+ Kg8 54. Rf8+ Kg7 55. f6+ Kh7 56. Bxd4 Rd2+ 57. Kc1 Rxd4 0-1

[Event "SVK Cup fin 12th"]
[Site "?"]
[Date "2003.??.??"]
[Round "?"]
[White "Csjernyik Jan"]
[Black "Luptak Peter"]
[Result "1-0"]
[WhiteElo "2307"]
[BlackElo "2369"]
[PlyCount "107"]
[EventDate "2003.??.??"]
[Source "www.chesslib.no"]
[SourceDate "2004.05.04"]

1. e4 e5 2. Nf3 Nc6 3. Bb5 a6 4. Ba4 Nf6 5. O-O Be7 6. Re1 b5 7. Bb3 O-O 8. c3 d6 9. h3 Na5 10. Bc2 c5 11. d4 Bb7 12. d5 Nc4 13. b3 Nb6 14. a4 Bc8 15. Nbd2 g6 16. Bd3 Bd7 17. a5 Nc8 18. Nf1 Nh5 19. Bh6 Re8 20. Qd2 Bf6 21. b4 c4 22. Bc2 Nf4 23. Rac1 Bg7 24. Bg5 Bf6 25. Bxf4 exf4 26. N1h2 Bg7 27. Nd4 Qf6 28. Nhf3 g5 29. Bd1 g4 30. hxg4 Bxg4 31. Nh2 Bd7 32. Ra1 Qg5 33. Nhf3 Qh6 34. Bc2 Ne7 35. e5 dxe5 36. Nxe5 Bh3 37. Nef3 Bg4 38. Ne5 Bh3 39. d6 Qg5 40. g3 Ng6 41. Bxg6 hxg6 42. d7 Rf8 43. Ndc6 Bf6 44. Rad1 fxg3 45. Qxg5 gxf2+ 46. Kxf2 Bxg5 47. Kg3 Bf5 48. Nf3 Bf6 49. Ne7+ Kg7 50. Nxf5+ gxf5 51. Re3 Rad8 52. Kf4 Rh8 53. Rd6 Ra8 54. Kxf5 1-0

[Event "Santiago ARAIS tt-A"]
[Site "Santiago CHI"]
[Date "1992.??.??"]
[Round "?"]
[White "Donoso Velasco, Pedro H"]
[Black "Araya, Ricardo 1"]
[Result "1/2-1/2"]
[WhiteElo "2370"]
[BlackElo "2290"]
[PlyCount "41"]
[EventDate "1992.??.??"]
[Source "www.chesslib.no"]
[SourceDate "2004.05.04"]

1. e4 e5 2. Nf3 Nc6 3. Bb5 a6 4. Ba4 Nf6 5. O-O Be7 6. Re1 b5 7. Bb3 O-O 8. c3 d6 9. h3 Na5 10. Bc2 c5 11. d4 Bb7 12. Nbd2 cxd4 13. cxd4 exd4 14. Nxd4 Re8 15. b4 Nc6 16. Nxc6 Bxc6 17. Bb2 Bf8 18. Rc1 Rc8 19. Bb3 Bb7 20. Rxc8 Bxc8 21. Nf3 1/2-1/2

[Event "Sindelfingen"]
[Site "Sindelfingen"]
[Date "1984.10.21"]
[Round "2"]
[White "Bauer, Peter GER"]
[Black "Pachman, Ludek"]
[Result "0-1"]
[WhiteElo "2200"]
[BlackElo "2430"]
[PlyCount "100"]
[EventDate "1984.10.??"]
[Source "www.chesslib.no"]
[SourceDate "2004.05.04"]

1. e4 e5 2. Nf3 Nc6 3. Bb5 a6 4. Ba4 Nf6 5. O-O Be7 6. Re1 b5 7. Bb3 O-O 8. c3 d6 9. h3 Na5 10. Bc2 c5 11. d4 Nd7 12. Nbd2 cxd4 13. cxd4 Nc6 14. Nf1 Nxd4 15. Nxd4 exd4 16. Qxd4 Ne5 17. Rd1 Bb7 18. Ng3 Rc8 19. Bb3 Bf6 20. Qxd6 Qxd6 21. Rxd6 Nc4 22. Rd7 Bc6 23. Rd3 Nxb2 24. Bxb2 Bxb2 25. Rad1 g6 26. f4 a5 27. Bd5 b4 28. Bxc6 Rxc6 29. Rd7 Bc1 30. f5 Bf4 31. Ne2 Be3+ 32. Kf1 Re8 33. Rd8 Kf8 34. R1d5 a4 35. Nd4 Bxd4 36. Rxd4 Rb6 37. Rxe8+ Kxe8 38. Rd2 b3 39. axb3 axb3 40. Rb2 Ke7 41. Ke2 Kf6 42. Ke3 gxf5 43. exf5 Kxf5 44. Kf3 h5 45. Ke3 Ke5 46. Kd3 Kf4 47. Ke2 Ke4 48. Kd2 Kd4 49. Rb1 b2 50. Kc2 Ke3 0-1

[Event "Corr"]
[Site "?"]
[Date "1997.??.??"]
[Round "?"]
[White "Goins David A"]
[Black "Sasata Robert"]
[Result "1/2-1/2"]
[WhiteElo "2250"]
[BlackElo "2374"]
[PlyCount "122"]
[EventDate "1997.??.??"]
[Source "www.chesslib.no"]
[SourceDate "2004.05.04"]

1. e4 e5 2. Nf3 Nc6 3. Bb5 a6 4. Ba4 Nf6 5. O-O Be7 6. Re1 b5 7. Bb3 O-O 8. c3 d6 9. h3 Na5 10. Bc2 c5 11. d4 Nd7 12. Nbd2 cxd4 13. cxd4 Nc6 14. Nb3 Nb6 15. d5 Nb8 16. Bd2 Nc4 17. Bc3 Nd7 18. Nbd2 Nxd2 19. Qxd2 a5 20. b4 axb4 21. Bxb4 Nb6 22. Ba5 Bd7 23. Reb1 Qb8 24. Bd3 Qa7 25. Bb4 f6 26. Qe2 Qa4 27. a3 Rfc8 28. Rc1 Bf8 29. Qe1 g6 30. Nd2 Bh6 31. Rxc8+ Rxc8 32. Qe2 Bf8 33. Qf3 Be7 34. Nf1 Nc4 35. Ng3 Qb3 36. Rb1 Qa4 37. Be2 Qa7 38. Rc1 Qa6 39. Kh2 Kg7 40. Qc3 f5 41. exf5 Nb6 42. Qd2 Rxc1 43. Qxc1 Nxd5 44. fxg6 hxg6 45. Bd2 Qc6 46. Qxc6 Bxc6 47. Bf3 Bd8 48. Ne4 Bc7 49. Kg1 Kf7 50. h4 Ne7 51. Bb4 Ke6 52. Kf1 Bb8 53. Ng5+ Kf5 54. g4+ Kf6 55. Ne4+ Kf7 56. Ke2 d5 57. Ng5+ Ke8 58. Bc5 Ng8 59. h5 gxh5 60. gxh5 Nh6 61. Bg2 Bb7 1/2-1/2

[Event "HUN-ch"]
[Site "Budapest"]
[Date "1976.??.??"]
[Round "4"]
[White "Petran, Pal"]
[Black "Rigo, Janos"]
[Result "1/2-1/2"]
[WhiteElo "2415"]
[BlackElo "2200"]
[PlyCount "28"]
[EventDate "1976.12.??"]
[Source "ChessBase"]

1. e4 e5 2. Nf3 Nc6 3. Bb5 a6 4. Ba4 Nf6 5. O-O Be7 6. Re1 b5 7. Bb3 O-O 8. c3 d6 9. h3 Na5 10. Bc2 c5 11. d3 Re8 12. Nbd2 Bf8 13. Nf1 g6 14. Ng3 Bg7 1/2-1/2

[Event "Tirnavia-C"]
[Site "Trnava SVK"]
[Date "1989.??.??"]
[Round "13"]
[White "Franzen, Jozef"]
[Black "Kaposztas, Miklos"]
[Result "1/2-1/2"]
[WhiteElo "2345"]
[BlackElo "2265"]
[PlyCount "29"]
[EventDate "1989.03.??"]
[Source "www.chesslib.no"]
[SourceDate "2004.05.04"]

1. e4 e5 2. Nf3 Nc6 3. Bb5 a6 4. Ba4 Nf6 5. O-O Be7 6. Re1 b5 7. Bb3 O-O 8. c3 d6 9. h3 Na5 10. Bc2 c5 11. d4 cxd4 12. cxd4 Qc7 13. Nc3 Bb7 14. d5 Rfe8 15. Ne2 1/2-1/2

[Event "Berlin tt"]
[Site "Berlin West"]
[Date "1980.??.??"]
[Round "?"]
[White "Lau, Ralf"]
[Black "Rasmussen, Lars Bo"]
[Result "1-0"]
[WhiteElo "2410"]
[BlackElo "2200"]
[PlyCount "63"]
[EventDate "1980.03.??"]
[Source "ChessBase"]

1. e4 e5 2. Nf3 Nc6 3. Bb5 a6 4. Ba4 Nf6 5. O-O Be7 6. Re1 b5 7. Bb3 O-O 8. c3 d6 9. h3 Na5 10. Bc2 c5 11. d4 Nd7 12. Nbd2 exd4 13. cxd4 cxd4 14. Nxd4 Bf6 15. Nf1 Qb6 16. Nf5 Nc4 17. Rb1 Nc5 18. b3 Bxf5 19. exf5 Ne5 20. Ne3 Nc6 21. Nd5 Qd8 22. Nxf6+ Qxf6 23. Bb2 Qh6 24. f6 Rfd8 25. fxg7 d5 26. Rc1 Rd6 27. Bxh7+ Qxh7 28. Rxc5 Nb4 29. Qg4 Nd3 30. Rc8+ Rd8 31. Rxd8+ Rxd8 32. Qd7 1-0